[Event "Milan Crespi op-A 34th"]
[Site "Milan"]
[Date "2013.12.07"]
[Round "4"]
[White "Delledonne, Francesco"]
[Black "Pecorario, Stefano"]
[Result "1-0"]
[WhiteElo "1935"]
[BlackElo "1800"]
[PlyCount "63"]
[EventDate "2013.12.04"]
[EventType "swiss"]
[EventRounds "7"]
[EventCountry "ITA"]
[SourceTitle "EXT 2024"]
[Source "ChessBase"]
[SourceDate "2023.10.10"]
[SourceVersion "1"]
[SourceVersionDate "2023.10.10"]
[SourceQuality "1"]

1. e4 e5 2. Nf3 Nc6 3. Bb5 a6 4. Ba4 d6 5. c3 Nf6 6. Qe2 Be7 7. 0-0 0-0 8. h3 Re8 9. d3 b5 10. Bc2 Bf8 11. Bg5 h6 12. Bh4 g5 13. Bg3 Ne7 14. d4 Ng6 15. dxe5 dxe5 16. Rd1 Qe7 17. Nbd2 Qc5 18. a4 Bb7 19. Nh2 Qc6 20. Ng4 Nxg4 21. Qxg4 Bc8 22. Qe2 Be6 23. axb5 axb5 24. Bd3 Qb6 25. Bxb5 c6 26. Ba4 Qxb2 27. Rab1 Qxc3 28. Rdc1 Qd4 29. Bxc6 Ra2 30. Bxe8 Rxd2 31. Qe3 Qd8 32. Bb5 1-0

[Event "Milan Crespi op-A 34th"]
[Site "Milan"]
[Date "2013.12.07"]
[Round "5"]
[White "Papale, Carmelo"]
[Black "Pecorario, Stefano"]
[Result "0-1"]
[WhiteElo "1838"]
[BlackElo "1800"]
[PlyCount "78"]
[EventDate "2013.12.04"]
[EventType "swiss"]
[EventRounds "7"]
[EventCountry "ITA"]
[SourceTitle "EXT 2024"]
[Source "ChessBase"]
[SourceDate "2023.10.10"]
[SourceVersion "1"]
[SourceVersionDate "2023.10.10"]
[SourceQuality "1"]

1. e4 e5 2. Nf3 Nc6 3. Bb5 a6 4. Ba4 d6 5. 0-0 Nf6 6. Re1 b5 7. Bb3 Be7 8. c3 Na5 9. Bc2 c5 10. h3 Nc6 11. d3 0-0 12. Nbd2 h6 13. Nf1 Nh7 14. Ne3 Ng5 15. Nd5 Nxf3+ 16. Qxf3 f5 17. exf5 Bxf5 18. Ne3 Bd7 19. Qd5+ Kh8 20. d4 Rf6 21. Qe4 g6 22. dxc5 dxc5 23. Rd1 Qc8 24. a4 Be6 25. Nd5 Bxd5 26. Rxd5 Qf8 27. Be3 Qf7 28. Rad1 Rc8 29. Rd7 Nd8 30. Qxe5 Ne6 31. Bxh6 Kh7 32. Be3 Re8 33. Be4 Nf4 34. Bxf4 Rxf4 35. Rb7 Kh6 36. Bc6 Qc4 37. Rxe7 Qxa4 38. Kh2 Rxe7 39. Qh8+ Rh7 0-1

[Event "Bergamo Province-ch"]
[Site "Bergamo"]
[Date "2013.01.20"]
[Round "3"]
[White "Tedoldi, Guido"]
[Black "Pecorario, Stefano"]
[Result "0-1"]
[WhiteElo "1621"]
[BlackElo "1785"]
[PlyCount "66"]
[EventDate "2013.01.19"]
[EventType "swiss"]
[EventRounds "6"]
[EventCountry "ITA"]
[SourceTitle "EXT 2024"]
[Source "ChessBase"]
[SourceDate "2023.10.10"]
[SourceVersion "1"]
[SourceVersionDate "2023.10.10"]
[SourceQuality "1"]

1. c4 Nf6 2. Nc3 e6 3. e4 c5 4. Nf3 d6 5. d4 cxd4 6. Nxd4 Be7 7. Bd3 0-0 8. 0-0 Nfd7 9. Be3 Nc6 10. a3 Bf6 11. Nxc6 bxc6 12. Qd2 Nb6 13. c5 Bxc3 14. Qxc3 Na4 15. Qc2 Nxc5 16. Rad1 Nxd3 17. Rxd3 Ba6 18. Rfd1 Bxd3 19. Rxd3 Qc7 20. Qd2 d5 21. Bf4 Qb6 22. Bd6 Rfd8 23. e5 Rxd6 24. exd6 c5 25. Qf4 Qxb2 26. h4 Qb1+ 27. Kh2 Qxd3 28. d7 Qe4 29. Qc7 Qxh4+ 30. Kg1 Qd8 31. Qc6 c4 32. Kf1 a5 33. Ke2 Ra7 0-1

[Event "Milan Crespi op-B 33rd"]
[Site "Milan"]
[Date "2012.12.09"]
[Round "6"]
[White "Pecorario, Stefano"]
[Black "Beltrami, Francesco"]
[Result "1/2-1/2"]
[WhiteElo "1774"]
[BlackElo "1856"]
[PlyCount "154"]
[EventDate "2012.12.05"]
[EventType "swiss"]
[EventRounds "7"]
[EventCountry "ITA"]
[SourceTitle "EXT 2015"]
[Source "ChessBase"]
[SourceDate "2014.11.20"]
[SourceVersion "1"]
[SourceVersionDate "2014.11.20"]
[SourceQuality "1"]

1. e4 c5 2. Nf3 Nc6 3. d4 cxd4 4. Nxd4 Nf6 5. Nc3 e5 6. Ndb5 d6 7. Bg5 a6 8. Na3 b5 9. Nd5 Be7 10. Nxe7 Qxe7 11. c4 b4 12. Nc2 Bb7 13. Ne3 Nd4 14. Nd5 Bxd5 15. exd5 h6 16. Bh4 g5 17. Bg3 Ne4 18. Bd3 Nxg3 19. hxg3 e4 20. Qa4+ Kf8 21. Bc2 Nxc2+ 22. Qxc2 e3 23. 0-0-0 exf2 24. Qxf2 Kg7 25. Rhf1 Rhf8 26. Rde1 Qd8 27. Qd4+ Kg6 28. Qd3+ Kg7 29. Qd4+ Kg6 30. g4 Rc8 31. Re3 Rc7 32. Ref3 Qe7 33. Rf6+ Kh7 34. b3 Re8 35. Rh1 Qe3+ 36. Qd2 Rce7 37. Rfxh6+ Kg7 38. Rh7+ Kg8 39. Rh8+ Kg7 40. Rxe8 Rxe8 41. Qxe3 Rxe3 42. Rd1 Rg3 43. Rd2 Kf8 44. Re2 Rxg4 45. Kd2 Rf4 46. Kd3 Rf5 47. Kd4 Rf4+ 48. Ke3 Rf5 49. Kd4 Rf4+ 50. Re4 Rf2 51. c5 Rd2+ 52. Kc4 Rc2+ 53. Kxb4 Rxc5 54. Rd4 f5 55. Rd2 f4 56. Ka4 a5 57. b4 axb4 58. Kxb4 Ke7 59. a4 Kd7 60. Ka3 Kc7 61. Kb3 Kb6 62. Kb4 Rc1 63. Rb2 Rc5 64. Rd2 Ka6 65. Ka3 Ka5 66. Kb3 Rc1 67. Ra2 Re1 68. Kc3 g4 69. Kd3 Rd1+ 70. Ke4 Rf1 71. Kf5 g3 72. Re2 Rf2 73. Re4 f3 74. gxf3 Rxf3+ 75. Ke6 Rf1 76. Rg4 Ra1 77. Kxd6 g2 1/2-1/2

[Event "Milan Crespi op-B 33rd"]
[Site "Milan"]
[Date "2012.12.09"]
[Round "7"]
[White "Pecorario, Stefano"]
[Black "Piantoni, Pierino"]
[Result "0-1"]
[WhiteElo "1774"]
[BlackElo "1899"]
[PlyCount "54"]
[EventDate "2012.12.05"]
[EventType "swiss"]
[EventRounds "7"]
[EventCountry "ITA"]
[SourceTitle "EXT 2015"]
[Source "ChessBase"]
[SourceDate "2014.11.20"]
[SourceVersion "1"]
[SourceVersionDate "2014.11.20"]
[SourceQuality "1"]

1. e4 e6 2. d4 d5 3. Nd2 Nc6 4. Ngf3 Nf6 5. e5 Nd7 6. c3 f6 7. exf6 Qxf6 8. Bb5 Bd6 9. Qe2 0-0 10. Nf1 e5 11. Bxc6 bxc6 12. h4 a5 13. Bg5 Qf7 14. 0-0-0 e4 15. N3h2 Qxf2 16. Qh5 Bf4+ 17. Nd2 e3 18. Bxf4 Qxf4 19. Ndf3 e2+ 20. Rd2 Ba6 21. Qg4 Qxg4 22. Nxg4 Rae8 23. Re1 Nf6 24. Nf2 Ne4 25. Nxe4 dxe4 26. Nh2 Rf2 27. Kc2 Rxg2 0-1

[Event "Milan Crespi op-B 33rd"]
[Site "Milan"]
[Date "2012.12.05"]
[Round "1"]
[White "Rossi, Giampiero"]
[Black "Pecorario, Stefano"]
[Result "0-1"]
[WhiteElo "1896"]
[BlackElo "1774"]
[PlyCount "76"]
[EventDate "2012.12.05"]
[EventType "swiss"]
[EventRounds "7"]
[EventCountry "ITA"]
[SourceTitle "EXT 2015"]
[Source "ChessBase"]
[SourceDate "2014.11.20"]
[SourceVersion "1"]
[SourceVersionDate "2014.11.20"]
[SourceQuality "1"]

1. d4 Nf6 2. c4 e6 3. Nc3 Bb4 4. Qc2 c5 5. dxc5 Bxc5 6. Nf3 h6 7. e3 Nc6 8. a3 a5 9. Be2 b6 10. 0-0 Bb7 11. Rd1 0-0 12. Bd2 Rc8 13. Rac1 Qc7 14. Be1 Ne5 15. Nb5 Qb8 16. Nxe5 Qxe5 17. Bf3 Bxf3 18. gxf3 d5 19. Qe2 Be7 20. cxd5 Nxd5 21. Nc3 Qh5 22. f4 Qg6+ 23. Kf1 Nf6 24. Qf3 Rc5 25. Qb7 Bd8 26. Rd4 Ng4 27. h3 Nh2+ 28. Ke2 Qh5+ 29. f3 Qxh3 30. Bf2 Bf6 31. Rd3 Rfc8 32. e4 R5c6 33. e5 Bh4 34. Bxb6 Qg2+ 35. Kd1 Nxf3 36. Bxa5 Qf1+ 37. Kc2 Ne1+ 38. Kb3 Qxd3 0-1

[Event "Vimercate op 5th"]
[Site "Vimercate"]
[Date "2011.11.27"]
[Round "4"]
[White "Pecorario, Stefano"]
[Black "Miracola, Giorgia"]
[Result "0-1"]
[WhiteElo "1533"]
[BlackElo "1763"]
[PlyCount "100"]
[EventDate "2011.11.25"]
[EventType "swiss"]
[EventRounds "5"]
[EventCountry "ITA"]
[SourceTitle "EXT 2014"]
[Source "ChessBase"]
[SourceDate "2013.11.20"]
[SourceVersion "1"]
[SourceVersionDate "2013.11.20"]
[SourceQuality "1"]

1. e4 c5 2. Nc3 d6 3. g3 g6 4. Bg2 Bg7 5. d3 Nc6 6. Nge2 e6 7. Be3 Nd4 8. 0-0 Ne7 9. Qc1 0-0 10. Bh6 Bxh6 11. Qxh6 Nxc2 12. Rac1 Nb4 13. Rfd1 Kh8 14. d4 Ng8 15. Qf4 c4 16. Qe3 Nd3 17. Rc2 Bd7 18. Nf4 Nxf4 19. Qxf4 Qe7 20. d5 e5 21. Qe3 b5 22. b3 b4 23. Nb1 c3 24. f4 a5 25. a4 f5 26. Nxc3 bxc3 27. Rxc3 exf4 28. Qd4+ Qf6 29. exf5 Qxd4+ 30. Rxd4 Bxf5 31. Rxf4 Bd7 32. Re4 Rac8 33. Rcc4 Rxc4 34. Rxc4 Rc8 35. Rf4 Kg7 36. b4 axb4 37. Rxb4 Kf6 38. a5 Ra8 39. Rb6 Rxa5 40. Rxd6+ Ke7 41. Rb6 Nf6 42. d6+ Ke6 43. Bc6 Bxc6 44. Rxc6 Kd7 45. Rb6 Rd5 46. Kg2 Rxd6 47. Rxd6+ Kxd6 48. Kf3 Ke5 49. h3 Kf5 50. h4 h5 0-1

[Event "Vimercate op 5th"]
[Site "Vimercate"]
[Date "2011.11.25"]
[Round "1"]
[White "Pecorario, Stefano"]
[Black "Colombo, Luca"]
[Result "1/2-1/2"]
[WhiteElo "1533"]
[BlackElo "1884"]
[PlyCount "119"]
[EventDate "2011.11.25"]
[EventType "swiss"]
[EventRounds "5"]
[EventCountry "ITA"]
[SourceTitle "EXT 2014"]
[Source "ChessBase"]
[SourceDate "2013.11.20"]
[SourceVersion "1"]
[SourceVersionDate "2013.11.20"]
[SourceQuality "1"]

1. e4 c5 2. g3 Nc6 3. Bg2 g6 4. d3 Bg7 5. c3 d6 6. Be3 Nf6 7. Ne2 Ng4 8. Bg5 h6 9. Bc1 e5 10. h3 Nf6 11. Na3 0-0 12. 0-0 Nh7 13. f4 exf4 14. Nxf4 Ng5 15. Be3 Ne6 16. Qd2 Kh7 17. Rf3 Nxf4 18. Bxf4 Ne5 19. Rf2 Be6 20. d4 cxd4 21. cxd4 Nc4 22. Nxc4 Bxc4 23. Rc1 Ba6 24. e5 g5 25. Be3 dxe5 26. d5 Qd7 27. d6 Rac8 28. Rxc8 Rxc8 29. Qd5 Kg8 30. Bxa7 Rc1+ 31. Kh2 Bc4 32. Qd2 Ra1 33. a3 b5 34. Bb8 Be6 35. Bd5 e4 36. Bxe6 fxe6 37. Qe3 Qb7 38. Bc7 Qc6 39. Re2 Kf7 40. Qf2+ Kg8 41. Rc2 e3 42. Qg2 Qxg2+ 43. Kxg2 Rd1 44. Kf3 Be5 45. d7 Bf6 46. d8Q+ Bxd8 47. Bxd8 Rxd8 48. Kxe3 Kf7 49. Rc7+ Kf6 50. Rb7 Rd5 51. b4 Re5+ 52. Kf3 Rd5 53. Ke3 h5 54. Rc7 g4 55. hxg4 hxg4 56. Rc5 Ke5 57. Rc8 Kf5 58. Rf8+ Kg5 59. Rg8+ Kf5 60. Rf8+ 1/2-1/2